Banking Law and Practice (Record no. 93948)

MARC details
000 -LEADER
fixed length control field 00592nam a2200229Ia 4500
005 - DATE AND TIME OF LATEST TRANSACTION
control field 20230329143906.0
008 - FIXED-LENGTH DATA ELEMENTS--GENERAL INFORMATION
fixed length control field 230125s9999 xx 000 0 und d
020 ## - INTERNATIONAL STANDARD BOOK NUMBER
International Standard Book Number 9788121922357
041 ## - LANGUAGE CODE
Language code of text/sound track or separate title eng
082 ## - DEWEY DECIMAL CLASSIFICATION NUMBER
Classification number 332.1
Item number KAN
100 ## - MAIN ENTRY--PERSONAL NAME
Author Kandasami K P
245 ## - TITLE STATEMENT
Title Banking Law and Practice
250 ## - EDITION STATEMENT
Edition statement Ed.4 th
260 ## - PUBLICATION, DISTRIBUTION, ETC.
Date of publication, distribution, etc. 2013
Name of publisher, distributor, etc. S. Chand & Company Ltd.
Place of publication, distribution, etc. New Delhi
300 ## - PHYSICAL DESCRIPTION
Extent 273p
500 ## - GENERAL NOTE
Keywords Banking
650 ## - SUBJECT ADDED ENTRY--TOPICAL TERM
Topical term or geographic name entry element Banking
700 ## - ADDED ENTRY--PERSONAL NAME
Personal name Kandasami K P; Natarajan S & Parameswaran R
942 ## - ADDED ENTRY ELEMENTS (KOHA)
Koha item type Books
906 ## - LOCAL DATA ELEMENT F, LDF (RLIN)
b 41.8
Holdings
Withdrawn status Lost status Damaged status Not for loan Home library Current library Date acquired Vendor Net Price Bill number Total Checkouts Full call number Barcode Date last seen Actual Price Bill Date Koha item type Original Barcode Total Renewals Date last checked out
        Smt. Hiraben Nanavati Institute of Management & Research for Women Smt. Hiraben Nanavati Institute of Management & Research for Women 23/02/2016 Pritam Book Centre 190.00 9787   332.1 KAN B14001 HIMR-BK-14001 25/01/2023 148.20 22/02/2016 Books B14001    
        Smt. Hiraben Nanavati Institute of Management & Research for Women Smt. Hiraben Nanavati Institute of Management & Research for Women 23/02/2016 Pritam Book Centre 190.00 9787 2 332.1 KAN B14002 HIMR-BK-14002 16/03/2026 148.20 22/02/2016 Books B14002 1 09/03/2026